| 000 | 00964cam a22003015a 4500 | ||
|---|---|---|---|
| 001 | 016597016 | ||
| 003 | OSt | ||
| 005 | 20201128023818.0 | ||
| 008 | 131120t2015 ctua frb 001 0 eng d | ||
| 020 | _a9781111580711 | ||
| 020 | _a1111580715 | ||
| 040 |
_aStDuBDS _beng _cStDuBDS _dEG-ScBUE |
||
| 082 | 0 | 4 |
_a660.2969 _222 _bDAH |
| 100 | 1 |
_aDahm, Kevin D. _q(Kevin Douglas), _d1969- _940962 |
|
| 245 | 1 | 0 |
_aFundamentals of chemical engineering thermodynamics / _cKevin D. Dahm, Donald P. Visco Jr, Jayant Singh. |
| 250 | _aSI ed. | ||
| 260 |
_aStamford : _bCengage Learning, _cc.2015. |
||
| 300 |
_axxi, 763 p. : _bill. ; _c26 cm. |
||
| 500 | _aIndex : p. 753-763. | ||
| 504 | _aIncludes bibliographical references. | ||
| 650 | 7 |
_aThermodynamics. _2BUEsh _91919 |
|
| 650 | 7 |
_aChemical engineering. _2BUEsh _91062 |
|
| 651 | _2BUEsh | ||
| 653 |
_bENGCHE _cAugust 2016 _cSeptember2016 |
||
| 700 | 1 | _aVisco, Donald P. | |
| 700 | 1 | _aSingh, Jayant | |
| 942 | _2ddc | ||
| 999 |
_c22275 _d22247 |
||